Normal view
MARC view
- Pressure vessels
Entry Topical Term
001 - CONTROL NUMBER
- control field: 35970
003 - CONTROL NUMBER IDENTIFIER
- control field: NUST
005 - DATE AND TIME OF LATEST TRANSACTION
- control field: 20210311160337.0
008 - FIXED-LENGTH DATA ELEMENTS
- fixed length control field: 210311|| aca||aabn | a|a d
040 ## - CATALOGING SOURCE
- Original cataloging agency: NUST
- Transcribing agency: NUST
150 ## - HEADING--TOPICAL TERM
- Topical term or geographic name entry element: Pressure vessels
- General subdivision: Design and construction
670 ## - SOURCE DATA FOUND
- Source citation: Work cat.: (NUST)31588: Antaki, G. A. (George A.) 35969, Fitness-for-service and integrity of piping, vessels, and tanks :, 2005.
